00908nam a2200217 a 450000100100000000500170001000800410002702000180006804000250008608200180011124501580012926000410028730000390032850000520036750400740041965000320049365000360052565000290056165000570059065000430064700004345420210421113909.0140318s2013 dr ad 000 0 spa d a9781936291793 aDO-SdBNPbspacBNPHU a305.42bP273p00aParticipación política de mujeres indígenas y afrodescendientes :blas experiencias de Bolivia, Colombia, Ecuador, Guatemala, Nicaragua y Panamá. aSanto Domingo :bONU Mujeres,c2013. a279 p. :bil., gráfcs. ;c29 cm. aA la cabeza de la portada: Trabajo Académico. aIncluye referencias bibliográficas y notas al pie de las páginas. 4aMujeres en américa latina 4aMujeres en el desarrollo social 0aMujeres en la política 4aMujeresxParticipación políticaxInvestigaciones 4aMinoríasxEstatus legal, leyes, etc.